| 000 | 00735nam a2200229Ia 4500 | ||
|---|---|---|---|
| 008 | 130821s1999 sp gr spa | ||
| 020 | _a8420633534 | ||
| 040 |
_aCo-BoUCM _bspa |
||
| 041 | 0 | 0 | _aspa |
| 100 | 1 |
_aKafka, Franz _d1883-1924. _9692 |
|
| 245 | 4 | 1 |
_aAmérica _cFranz Kafka; traducción de D.J. Vogelmann |
| 260 |
_aMadrid (España) _bAlianza Editorial _c1999 |
||
| 300 | _a343 páginas | ||
| 490 |
_aBiblioteca de Autor _v0557. |
||
| 650 | 0 | 4 |
_aLiteratura checoslovaca _918624 |
| 650 | 0 | 4 |
_aLiteratura europea _926524 |
| 650 | 0 | 4 |
_aNovela checoslovaca _920480 |
| 700 | 1 |
_aVogelmann, D.J. _etrad. _9161685 |
|
| 765 | 1 | 0 | _aAmerica. |
| 942 |
_cLIBRO _a18 _e1 _mK118a _2DEWEY _h891.865 |
||
| 999 |
_c44876 _d44876 |
||